The ex-wives murder club / Mette Ivie Harrison.
Available copies
- 2 of 2 copies available at LARL/NWRL Consortium.
- 2 of 2 copies available at Lake Agassiz Regional Library. (Show preferred library)
Current holds
0 current holds with 2 total copies.
Show Only Available Copies
| Location | Call Number / Copy Notes | Barcode | Shelving Location | Status | Due Date |
|---|---|---|---|---|---|
| Breckenridge Public Library | M HAR (Text) | 33500014379499 | New | Available | - |
| Climax Public Library | M HAR (Text) | 33500014379481 | New | Available | - |
Record details
- ISBN: 9781448316472
- ISBN: 1448316472
- ISBN: 9781448319022
- ISBN: 1448319021
- Physical Description: 215 pages ; 23 cm
- Edition: First world edition.
- Publisher: Edinburgh [Scotland] : Severn House, 2026.
- Copyright: ©2026
Content descriptions
| Summary, etc.: | "What do you do when you realize you married a ... Read More |
Search for related items by subject
| Subject: | Divorced women > Fiction. Sexual minorities > Fiction. Female friendship > Fiction. Revenge > Fiction. Murder > Fiction. Conspiracy > Fiction. |
| Genre: | Feminist fiction. Psychological fiction. Thrillers (Fiction) |
| LDR | 02603cam a2200529 i 4500 | ||
|---|---|---|---|
| 001 | 484847 | ||
| 003 | LARL_NWRL_CONSORTIUM | ||
| 005 | 20260519162031.0 | ||
| 008 | 260205t20262026stk 000 1 eng d | ||
| 040 | . | ‡aIG# ‡beng ‡erda ‡cIG# ‡dOCLCO ‡dGRA ‡dYDX ‡dBDX | |
| 020 | . | ‡a9781448316472 ‡qhardcover | |
| 020 | . | ‡a1448316472 ‡qhardcover | |
| 020 | . | ‡a9781448319022 ‡qpaperback | |
| 020 | . | ‡a1448319021 ‡qpaperback | |
| 020 | . | ‡z9781448316489 ‡qelectronic book | |
| 035 | . | ‡a(OCoLC)1571481361 | |
| 082 | 0 | 4. | ‡a813/.6 ‡223/eng/20260205 |
| 100 | 1 | . | ‡aHarrison, Mette Ivie, ‡d1970- ‡eauthor. ‡1https://id.oclc.org/worldcat/entity/E39PBJhmPkQ3yWkFRqdBc7PPcP ‡0(LARL_NWRL_CONSORTIUM)219088 |
| 245 | 1 | 4. | ‡aThe ex-wives murder club / ‡cMette Ivie Harrison. |
| 250 | . | ‡aFirst world edition. | |
| 264 | 1. | ‡aEdinburgh [Scotland] : ‡bSevern House, ‡c2026. | |
| 264 | 4. | ‡c©2026 | |
| 300 | . | ‡a215 pages ; ‡c23 cm | |
| 336 | . | ‡atext ‡btxt ‡2rdacontent | |
| 337 | . | ‡aunmediated ‡bn ‡2rdamedia | |
| 338 | . | ‡avolume ‡bnc ‡2rdacarrier | |
| 520 | . | ‡a"What do you do when you realize you married a horrible man? Kill him of course! For Meg (wife #1), Jenny (#2), and Amelia (#3), the term 'a woman scorned' isn't strong enough. They want more than revenge for the years of their life they wasted with their pitiful excuse for a husband. They want him dead. As they carry out their lethal plan, they soon realize they're thinking too small. What about all the other men (and women) who cause immeasurable suffering and get away with it? Thus 'the business' is born. A dazzling new female-owned venture that will change the course of their lives--and shorten many others! And, for Meg and Jenny, it could allow them to experience a love they never thought possible ..."--Provided by publisher. | |
| 650 | 0. | ‡aDivorced women ‡vFiction. ‡0(LARL_NWRL_CONSORTIUM)164537 | |
| 650 | 0. | ‡aSexual minorities ‡vFiction. | |
| 650 | 0. | ‡aFemale friendship ‡vFiction. ‡0(LARL_NWRL_CONSORTIUM)164947 | |
| 650 | 0. | ‡aRevenge ‡vFiction. ‡0(LARL_NWRL_CONSORTIUM)167017 | |
| 650 | 0. | ‡aMurder ‡vFiction. ‡0(LARL_NWRL_CONSORTIUM)165989 | |
| 650 | 0. | ‡aConspiracy ‡vFiction. ‡0(LARL_NWRL_CONSORTIUM)171617 | |
| 655 | 7. | ‡aFeminist fiction. ‡2lcgft | |
| 655 | 7. | ‡aPsychological fiction. ‡2lcgft | |
| 655 | 7. | ‡aThrillers (Fiction) ‡2lcgft | |
| 905 | . | ‡uvanderl | |
| 901 | . | ‡a484847 ‡bAUTOGEN ‡c484847 ‡tbiblio ‡soclc | |

Add to basket
Permalink
Disable Highlighting